| 000 | 01735nam a2200325 i 4500 | ||
|---|---|---|---|
| 001 | 000047608 | ||
| 003 | DO-SdBNP | ||
| 005 | 20230801142216.0 | ||
| 007 | ta | ||
| 008 | 180704s2017 dr 000 0 spa d | ||
| 020 | _a9789945609226 | ||
| 040 |
_aDO-SdBNP _bspa _crda _eRDA |
||
| 082 | 4 |
_a321.8098 _bP592i _222 |
|
| 100 | 1 |
_aPichardo, Manolo _924929 _eautor |
|
| 245 | 1 | 3 |
_aLa izquierda democrática en América Latina / _cPichardo Manolo. |
| 264 |
_aSanto Domingo : _bSantuario, _c2017. |
||
| 300 |
_a184 páginas _c24 cm. |
||
| 336 |
_2rdacontent _atexto _btxt |
||
| 337 |
_2rdamedia _a sin mediación _bn |
||
| 338 |
_2rdacarrier _avolumen _bnc |
||
| 500 | _aIncluye datos biográficos del autor en la solapa de de la cubierta | ||
| 505 | 0 |
_aBreve exordio -- _tPrólogo / _rFenando Lugo -- _tPreámbublo -- _tNacimientos de los conceptos de izquierda y derecha -- _tEl impacto de la gestión de Lula -- _tUruguay y el Frente Amplio -- _tDe Carlos Menen a los Kirchner -- _tLos empresarios y el socialiberalismo -- _tLa coppal y el Foro de Sao Paulo -- _tEl ascenso de Evo Morales -- _tCorrea y la revolución ciudadana El Paraguay de Fernando Lugo -- _tHugo Chávez : Inicio del efecto dominó -- _tOllanta Humala : Impulsado por la izquierda, atrapado en la derecha -- _tRetorno del Sandinismo por la vía electoral -- _tSchafik Hándal no pudo, Mauricio Funes inició -- _tEl Plan Atlanta. |
|
| 590 | _aInventariado, 2018/VM | ||
| 650 | 4 |
_aMovimientos revolucionarios _zAmérica Latina _975240 |
|
| 650 | 4 |
_aDemocracia _zAmérica Latina _931097 |
|
| 650 | 4 |
_aMovimiento de izquierda _zAmérica Latina _975241 |
|
| 651 | 4 |
_aAmérica Latina _xPolítica y gobierno _92618 |
|
| 910 | _aValidado. Control de calidad MFF | ||
| 942 |
_2ddc _cLBS1 |
||
| 999 |
_c47096 _d47096 |
||